Word Ladder: 'The Hunger Games' Quiz Stats

Quiz Updated Oct 19, 2016

Challenge
Share
Tweet
Embed
Score 0/13 Timer 02:00
3 Plays Today
Clue 4-Letter Word % Correct
Actor Hemsworth of 'The Hunger Games'LIAM
82.8%
The poorest area in District 12 in 'The Hunger Games,' with 'the'SEAM
70.3%
Mets, Jets, or Nets, e.g.TEAM
69.1%
Role played by [Rung 1] in 'The Hunger Games' or a strong windGALE
67.6%
Fashion designer WangVERA
66.4%
Singer Bareilles of 'Love Song'SARA
65.9%
A marking period or semesterTERM
64.2%
Thailand, onceSIAM
62%
Doris Day standard: Que ___ ___SERÁ
60.5%
A very large extravagant partyGALA
58.2%
A room, in SpanishSALA
50.8%
A sea birdTERN
44%
The friend of Ernest P. Worrell in the filmsVERN
39.5%

Today's Daily Dose

Missing Word
Law Misconceptions

Word Ladder
Easy Math

On This Day
January 20th

You're not logged in!

Compare scores with friends on all Sporcle quizzes.
Sign Up with Email
OR
Log In

You Might Also Like...

Show Comments

Extras

Top Quizzes Today


Score Distribution

Your Account Isn't Verified!

In order to create a playlist on Sporcle, you need to verify the email address you used during registration. Go to your Sporcle Settings to finish the process.